Tablice rejestracyjne w województwie lubelskim - Statystyki

Ogólne statystyki
  • Ten quiz został rozwiązany 62 razy
  • Średni wynik to 19 z 24
Statystyki odpowiedzi
Co oznacza Tablica % Poprawnych
Lublin LU
100%
Zamość LZ
92%
powiat zamojski LZA
92%
Biała Podlaska LB
90%
Chełm LC
90%
powiat lubelski LUB
90%
powiat chełmski LCH
88%
powiat kraśnicki LKR
86%
powiat łukowski LLU
82%
powiat bialski LBI
80%
powiat puławski LPU
80%
powiat świdnicki LSW
78%
powiat biłgorajski LBL
76%
powiat opolski LOP
76%
powiat parczewski LPA
76%
powiat hrubieszowski LHR
73%
powiat janowski LJA
73%
powiat krasnostawski LKS
73%
powiat lubartowski LLB
73%
powiat rycki LRY
73%
powiat radzyński LRA
71%
powiat włodawski LWL
71%
powiat tomaszowski LTM
69%
powiat łęczyński LLE
67%
Nie znaleziono quizów pasujących do podanych kryteriów
Rozkład punktacji
Procent ludzi z każdym wynikiem
Percentyl według liczby udzielonych odpowiedzi
Twoja historia wyników
Nie rozwiązałeś tego quizu